Consumer price indices June 2004 (Record no. 74460)
[ view plain ]
| 000 -LEADER | |
|---|---|
| fixed length control field | 00922cab a2200181 4500 |
| 001 - CONTROL NUMBER | |
| control field | WB4027-04 |
| 008 - FIXED-LENGTH DATA ELEMENTS--GENERAL INFORMATION | |
| fixed length control field | 040714n2004 000 0 eng u |
| 035 ## - SYSTEM CONTROL NUMBER | |
| System control number | (Sirsi) u126782 |
| 245 ## - TITLE STATEMENT | |
| Title | Consumer price indices June 2004 |
| 260 ## - PUBLICATION, DISTRIBUTION, ETC. | |
| Date of publication, distribution, etc. | 2004 |
| 490 ## - SERIES STATEMENT | |
| Series statement | National Statistics Press Release |
| Volume/sequential designation | 13 July 2004 (6) |
| 520 ## - SUMMARY, ETC. | |
| Summary, etc. | In the year to June 2004, the Consumer Price Index (CPI) rose by 1.6% - an increase from 1.5% in May. For the same period, the all items Retail Prices Index (RPI) rose up froom 2.8% to 3.0%. Further details on the consumer price indices can be found at: http://www.statistics.gov.uk/StatBase/Product.asp? vlnk=868. http://www.gnn.gov.uk/content/detail.asp?ReleaseID =122973&NewsAreaID=2&ClientID=140&NavigatedFromDep artment=True&NavigatedFromDepartmentList=False |
| 590 ## - LOCAL NOTE (RLIN) | |
| Local note | WB |
| 650 ## - SUBJECT ADDED ENTRY--TOPICAL TERM | |
| Topical term or geographic name entry element | CONSUMER PRICES INDEX |
| 650 ## - SUBJECT ADDED ENTRY--TOPICAL TERM | |
| Topical term or geographic name entry element | RETAIL PRICE INDEX |
| 690 ## - LOCAL SUBJECT ADDED ENTRY--TOPICAL TERM (OCLC, RLIN) | |
| Topical term or geographic name as entry element | ECONOMIC ISSUES |
| 942 ## - ADDED ENTRY ELEMENTS (KOHA) | |
| Suppress in OPAC | 0 |
| Withdrawn status | Lost status | Source of classification or shelving scheme | Damaged status | Not for loan | Home library | Current library | Shelving location | Date acquired | Total Checkouts | Full call number | Barcode | Date last seen | Copy number | Price effective from | Koha item type |
|---|---|---|---|---|---|---|---|---|---|---|---|---|---|---|---|
| Dewey Decimal Classification | London | London | News article | 14/07/2004 | WB4027-04 | 126782-1001 | 06/08/2019 | 1 | 06/08/2019 | News article |